书目信息 |
| 题名: |
系统分析员考试辅导教程与同步试题训练
|
|
| 作者: | 林盛雄 编著 | |
| 分册: | ||
| 出版信息: | 北京 冶金工业出版社 2003.08 |
|
| 页数: | 601页 | |
| 开本: | 26cm | |
| 丛书名: | ||
| 单 册: | ||
| 中图分类: | TP311.5-44 | |
| 科图分类: | ||
| 主题词: | 软件 | |
| 电子资源: | ||
| ISBN: | 7-5024-3256-6 | |
| 000 | 00639nam0 2200193 45 | |
| 001 | 0437705228 | |
| 005 | 2004052010282442 | |
| 010 | @a7-5024-3256-6@dCNY 79.00 | |
| 100 | @a20040520d2003 km y0chiy0120 ea | |
| 101 | 0 | @achi |
| 102 | @aCN@b110000 | |
| 200 | 1 | @a系统分析员考试辅导教程与同步试题训练@AXi Tong Fen Xi Yuan Kao Shi Fu Dao Jiao Cheng Yu Tong Bu Shi Ti Xun Lian@f林盛雄等编著@FLin Sheng Xiong Deng Bian Zhu |
| 210 | @a北京@c冶金工业出版社@d2003.08 | |
| 215 | @a601页@d26cm | |
| 606 | 0 | @a软件 |
| 690 | @aTP311.5-44@v3 | |
| 701 | 0 | @a林盛雄@ALin Sheng Xiong@4编著 |
| 801 | 0 | @aCN@bPFT@c20040520 |
| 905 | @a安徽大学@dTP311.5-44@eL517 | |
| 系统分析员考试辅导教程与同步试题训练/林盛雄等编著.-北京:冶金工业出版社,2003.08 |
| 601页;26cm |
| ISBN 7-5024-3256-6:CNY 79.00 |
| ● |
| 相关链接 |
|
|
|
正题名:系统分析员考试辅导教程与同步试题训练
索取号:TP311.5-44/L517
 
预约/预借
| 序号 | 登录号 | 条形码 | 馆藏地/架位号 | 状态 | 备注 |
| 1 | 376223 | 203762231 | 期刊室512/301自科库 42排7列1层/ [索取号:TP311.5-44/L517] | 在馆 | |
| 2 | 376224 | 203762240 | 期刊室512/301自科库 42排7列1层/ [索取号:TP311.5-44/L517] | 在馆 |